| 000 | 00645 a2200181 4500 | ||
|---|---|---|---|
| 999 |
_c2746 _d2746 |
||
| 020 | _a9780618162192 | ||
| 050 | _aJK155 JAN 2001 | ||
| 100 |
_aJanda, Kenneth _eauthor |
||
| 245 |
_aThe challenge of democracy : _bgovernment in America / _cKenneth Janda, Jeffrey M. Berry and Jerry Goldman |
||
| 250 | _a4th ed. | ||
| 264 |
_aNew York : _bHoughton Mifflin Company, _c2001 |
||
| 300 |
_axvi, 355p. : _bill.(col.) |
||
| 500 | _aIncludes bibliographical references and index | ||
| 650 |
_aUnited States _xPolitics and government |
||
| 700 |
_aBerry, Jeffrey M. _eauthor |
||
| 700 |
_aGoldman, Jerry _eauthor |
||
| 942 |
_2lcc _cBK _e4th ed. _h155 _iJAN _kJK |
||